Lo pienso bien y lo digo mal. Notas idiomáticas para el correcto uso del idioma
Bewaard in:
| Coauteur: | |
|---|---|
| Formaat: | Boek |
| Taal: | Engels |
| Gepubliceerd in: |
Santiago, Chile:
Catalonia,
2013
|
| Editie: | Primera edición |
| Onderwerpen: | |
| Tags: |
Voeg label toe
Geen labels, Wees de eerste die dit record labelt!
|
MARC
| LEADER | 00000nam a22000007a 4500 | ||
|---|---|---|---|
| 003 | CL-VaPUC | ||
| 005 | 20250429122446.0 | ||
| 008 | 220603b2013 ||||| |||| 00| 0 eng d | ||
| 999 | |c 435787 |d 435785 | ||
| 020 | |a 978-956-324-267-6 | ||
| 040 | |c Pontificia Universidad Católica de Valparaíso | ||
| 082 | |a 410 ACA 2013 | ||
| 110 | |a Academia Chilena de la Lengua |e autor |9 870168 | ||
| 245 | |a Lo pienso bien y lo digo mal. |b Notas idiomáticas para el correcto uso del idioma | ||
| 250 | |a Primera edición | ||
| 260 | |a Santiago, Chile: |b Catalonia, |c 2013 | ||
| 300 | |a 256 páginas | ||
| 500 | |a c.1-.c.2. Donación Escuela Periodismo. 02/06/2022 | ||
| 500 | |a De acuerdo con las nuevas normas ortográficas, gramaticales y léxicas de las academias | ||
| 583 | |c 20220603 |k Catalogador Asistente | ||
| 650 | |a Lingüística |9 870531 |y Chile | ||
| 650 | |a Gramática |9 870532 | ||
| 650 | |a Léxico |9 416570 | ||
| 650 | |a Ortografía |9 309144 | ||
| 650 | |a Español chileno |9 902462 |v Influencias lingüísticas | ||
| 942 | |2 ddc |c BK | ||
| 952 | |0 0 |1 0 |2 ddc |4 0 |6 410_000000000000000_ACA_2013 |7 0 |8 A |9 583394 |a BIBCUR |b BIBCUR |c GEN |d 2022-06-03 |e Donación |i 5651529 |l 1 |o 410 ACA 2013 |p 5651529 |r 2025-04-22 |s 2023-03-13 |t 1 |w 2022-06-03 |y BK_R |k PER | ||
| 952 | |0 0 |1 0 |2 ddc |4 0 |6 410_000000000000000_ACA_2013 |7 0 |8 A |9 583395 |a BIBCUR |b BIBCUR |c GEN |d 2022-06-03 |e Donación |i 5651530 |l 1 |o 410 ACA 2013 |p 5651530 |r 2025-04-22 |s 2023-03-13 |t 2 |w 2022-06-03 |y BK_R |k PER | ||
| 952 | |0 0 |1 0 |2 ddc |4 0 |6 410_000000000000000_ACA_2013 |7 0 |8 A |9 592829 |a BIBCUR |b BIBCUR |c GEN |d 2023-12-12 |e 3 |g 9436.66 |i 5659782 |o 410 ACA 2013 |p 5659782 |r 2025-04-22 |t 5 |v 9436.66 |w 2023-12-12 |y BK_R |k PER | ||
| 952 | |0 0 |1 0 |2 ddc |4 0 |6 410_000000000000000_ACA_2013 |7 0 |8 A |9 592830 |a BIBCUR |b BIBCUR |c GEN |d 2023-12-12 |e 3 |g 9436.66 |i 5659781 |o 410 ACA 2013 |p 5659781 |r 2025-04-22 |t 4 |v 9436.66 |w 2023-12-12 |y BK_R |k PER | ||
| 952 | |0 0 |1 0 |2 ddc |4 0 |6 410_000000000000000_ACA_2013 |7 0 |8 A |9 592831 |a BIBCUR |b BIBCUR |c GEN |d 2023-12-12 |e 3 |g 9436.66 |i 5659780 |l 2 |o 410 ACA 2013 |p 5659780 |r 2025-04-22 |s 2024-04-22 |t 3 |v 9436.66 |w 2023-12-12 |y BK_R |k PER | ||